L'efficacite economique de l'utilisation du haricot mungo dans l'aliment concentre sur la croissance des porcs charcutiers au district de saan ang de la province de kandal, (Record no. 2807)

000 -LEADER
fixed length control field 00535nam a22001577a 4500
003 - CONTROL NUMBER IDENTIFIER
control field OSt
005 - DATE AND TIME OF LATEST TRANSACTION
control field 20151027165053.0
008 - FIXED-LENGTH DATA ELEMENTS--GENERAL INFORMATION
fixed length control field 151027b xxu||||| |||| 00| 0 eng d
040 ## - CATALOGING SOURCE
Transcribing agency RUA
082 ## - DEWEY DECIMAL CLASSIFICATION NUMBER
Classification number VTF DIT 2002 B112 Or.1
100 ## - MAIN ENTRY--PERSONAL NAME
9 (RLIN) 2992
Personal name DITH SIDETH
245 ## - TITLE STATEMENT
Title L'efficacite economique de l'utilisation du haricot mungo dans l'aliment concentre sur la croissance des porcs charcutiers au district de saan ang de la province de kandal,
260 ## - PUBLICATION, DISTRIBUTION, ETC. (IMPRINT)
Place of publication, distribution, etc. Phnom Penh
Name of publisher, distributor, etc. Rua
Date of publication, distribution, etc. 2002
300 ## - PHYSICAL DESCRIPTION
Extent 41p.
Other physical details ill.
Dimensions 29cm.
942 ## - ADDED ENTRY ELEMENTS (KOHA)
Source of classification or shelving scheme
Koha item type VTF
Holdings
Price effective from Date last seen Permanent Location Not for loan Date acquired Source of classification or shelving scheme Koha item type Barcode Lost status Damaged status Shelving location Withdrawn status Current Location Full call number
2015-10-272015-10-27Library Block B 2015-10-27 VTFRUA025468  B112 Library Block BVTF DIT 2002 B112 Or.1
2015-10-272015-10-27Library Block B 2015-10-27 VTFRUA018915  B112 Library Block BVTF DIT 2002 B112 Or.2
2015-10-272015-10-27Library Block B 2015-10-27 VTFRUA017149  B112 Library Block BVTF DIT 2002 B112 Or.3
2015-10-272015-10-27Library Block B 2015-10-27 VTFRUA020195  B112 Library Block BVTF DIT 2002 B112 Or.4
2015-10-272015-10-27Library Block B 2015-10-27 VTFRUA017435  B112 Library Block BVTF DIT 2002 B112 Or.5
មជ្ឈមណ្ឌលឯការនៃសាកលវិទ្យាល័យភូមិន្ទកសិកម្មចំការដូង

Powered by Koha